000 01296nam a22003497a 4500
003 CHAP
005 20220329135536.0
008 971013s1982 r 00010 d
010 _a38237
011 _a39209
035 _a43329
040 _cCHAP
090 _aTesis
100 0 0 _aPaz Cárdenas, Jaime Alberto de la.
_986346
245 _aCreación de un modelo de simulación para una granja avícola (productora de pollo de engorda), para evaluar la rentabilidad de esta y como soporte en la toma de decisiones
260 _aMonterrey, N.L. :
_bEl autor,
_c1982
300 _a49 h.
_b: ilus.
502 _aTesis (Ing. Agr. Administrador) -- ITESM. División de Ciencias Agropecuarias y Marítimas
590 _aALEPH
_b10
_c20130110
_lUCH01
_h1304
590 _aBATCH-UPD
_b10
_c20130110
_lUCH01
_h1004
590 _aBATCH-UPD
_b10
_c20130410
_lUCH01
_h0614
590 _aBATCH-UPD
_b10
_c20130914
_lUCH01
_h0444
590 _aBATCH-UPD
_b10
_c20130914
_lUCH01
_h2025
590 _aCONVERSION
_b10
_c20130109
_lUCH01
_h1321
650 1 4 _aAves de corral
_xEngorda.
_98647
650 1 4 _aAvicultura
_xModelos matemáticos.
_98738
650 1 4 _aGranjas avícolas.
_950400
650 1 4 _aSimulación.
_9106523
901 _aBK
942 _cTESIS
949 _bBC
_cTES
_d-99326
_eTS1
_h18570
_i43329
_mD
_si
999 _c38237
_d38237